Reporte 2005-2014: registro de emisiones y transferencias de contaminantes

Збережено в:
Бібліографічні деталі
Співавтор: Ministerio del Medio Ambiente (Автор)
Формат: Книга
Мова:Іспанська
Опубліковано: Santiago Ministerio del Medio Ambiente 2017
Редагування:1a. ed
Предмети:
Теги: Додати тег
Немає тегів, Будьте першим, хто поставить тег для цього запису!

MARC

LEADER 00000cam a2200000 a 4500
001 UCC6914
003 CL-VaPUC
008 190118e20170000cl |||||||||||||||||spa|d
020 |a 9789567204687 
082 0 4 |a 363.731  |b MIN  |2 21 
110 2 |a Ministerio del Medio Ambiente  |e author  |9 601442 
245 1 0 |a Reporte 2005-2014: registro de emisiones y transferencias de contaminantes 
250 |a 1a. ed 
300 |a 211 p 
942 |c BK 
945 |d 20190118 13:18:00  |a dcastane 
260 |a Santiago  |b Ministerio del Medio Ambiente  |c 2017 
650 0 |a Contaminación ambiental  |9 314181 
650 7 |a CONTAMINACION INDUSTRIAL  |2 CL-VaPUC  |9 261690 
650 7 |a PROTECCION DE MEDIO AMBIENTE  |2 CL-VaPUC  |9 601443 
650 7 |a RESIDUOS PELIGROSOS  |2 CL-VaPUC  |9 559460 
583 |a last modification  |c 20190118 13:18:00  |k Rodrigo Vera 
999 |c 373739  |d 373737 
952 |0 0  |1 0  |3 erb  |4 0  |6 363_731000000000000_MIN_2017  |7 0  |8 A  |9 491965  |a BIBING  |b BIBING  |i 5530350  |o 363.731 MIN 2017  |p 5530350  |r 2025-01-20  |w 2019-11-24  |y BK  |z Catalogado en:20190118  |k ING